12 mois en 15 secondes : avril - Statistiques

Statistiques générales
  • Ce quiz a été pris 106 fois
  • Le résultat moyen est 10 sur 15
Statistiques - réponses
Avril % Correct
Avril
100%
Avril
93%
Avril
93%
Avril
89%
Avril
87%
Avril
84%
Avril
82%
Avril
78%
Avril
75%
Avril
67%
Avril
56%
Avril
49%
Avril
40%
Avril
31%
Avril
24%
Aucun quiz correspondant
Distribution des résultats
% des personnes avec chaque résultat
Percentile par nombre de réponses
Votre historique - résultats
Vous n’avez pas pris ce quiz